| 000 | 00708nam a2200229 i 4500 | ||
|---|---|---|---|
| 001 | bg | ||
| 245 | 0 | 0 |
_aPrawo bankowe : _bkomentarz / _cMirosław Bączyk [et al.] ; pod red. Eugenii Fojcik-Mastalskiej. |
| 250 | _aStan prawny na 20 listopada 1998 r. | ||
| 260 |
_aWarszawa : _bWydaw. Prawnicze, _c1999. |
||
| 300 |
_a339, [1] s. ; _c24 cm. |
||
| 504 | _aBibliogr. s. 328-333. | ||
| 650 | 9 |
_aBanki _xprawo _zPolska _ystan na 1998 r. |
|
| 700 | 1 |
_aBĄCZYK, Mirosław _d(1950- ) |
|
| 700 | 1 |
_aFOJCIK-MASTALSKA, Eugenia. _eRed. |
|
| 020 | _a8321907768 | ||
| 040 | _cBPK | ||
| 041 | 0 | _apl | |
| 080 | _a347.734(438) | ||
| 920 | _a83-219-0776-8 | ||
| 942 | _cKS | ||
| 008 | s pl f |000 0 pol | ||
| 999 |
_c37645 _d37645 |
||
| 856 |
_uhttp://koha.tu.koszalin.pl/cgi-bin/koha/opac-detail.pl?biblionumber=37645 _yKatalog online BPK |
||